MARC

LEADER 00000nam0a2200000 4500
001 68660
005 20231031075042.0
010 |a 5282023857 
035 |a (RuTPU)RU\TPU\book\73118 
090 |a 68660 
100 |a 20041008d2004 k y0rusy50 ca 
101 0 |a rus 
102 |a RU 
105 |a a z 001zy 
200 1 |a Россия - 2050. Стратегия инновационного прорыва  |f Б. Н. Кузык, Ю. В. Яковец 
210 |a Москва  |c Экономика  |d 2004 
215 |a 628 с.  |c ил. 
320 |a Библиогр.: с. 443-448. 
610 1 |a экономика 
610 1 |a Россия 
610 1 |a инновации 
610 1 |a инновационные программы 
610 1 |a инновационные проекты 
610 1 |a инновационная экономика 
610 1 |a экономическое прогнозирование 
610 1 |a 21 век 
610 1 |a стратегии 
610 1 |a модернизация 
610 1 |a высокие технологии 
610 1 |a энергетика 
610 1 |a потребительский рынок 
610 1 |a глобализация 
610 1 |a инновационное предпринимательство 
686 |a У9(2)0-551  |v LBC/SL-A  |2 rubbk 
700 1 |a Кузык  |b Б. Н.  |g Борис Николаевич 
701 1 |a Яковец  |b Ю. В.  |g Юрий Владимирович 
801 1 |a RU  |b 63413507  |c 20041008  |g PSBO 
801 2 |a RU  |b 63413507  |c 20120918  |g PSBO 
942 |c BK